Aroma Active Compounds in Foods : Chemistry and Sensory Properties /
Kaydedildi:
| Kurumsal yazarlar: | , |
|---|---|
| Diğer Yazarlar: | , , |
| Materyal Türü: | Konferans Sunumu Kitap |
| Dil: | İngilizce |
| Baskı/Yayın Bilgisi: |
Washington, EUA :
American Chemical Society,
2001, c2001
|
| Seri Bilgileri: | (ACS Symposium Series ;
794) |
| Konular: | |
| Etiketler: |
Etiket eklenmemiş, İlk siz ekleyin!
|
MARC
| LEADER | 00000nam^a2200000^a^4500 | ||
|---|---|---|---|
| 001 | 000184741 | ||
| 005 | 20250521000000.0 | ||
| 009 | 20260310102126.779 | ||
| 020 | |a 0-8412-3694-1 | ||
| 037 | |a Acervo ITESO - Biblioteca | ||
| 041 | |a ING | ||
| 082 | |a 660. |b ACS 1999 V. 1 | ||
| 111 | |a American Chemical Society National Meeting ( |n 218º : |d 1999 : |c Nueva Orléans, EUA) | ||
| 245 | 1 | 0 | |a Aroma Active Compounds in Foods : |b Chemistry and Sensory Properties / |c Ed. de G.R. Takeoka, M. Güntert, K.H. Engel. |
| 264 | 4 | |a Washington, EUA : |b American Chemical Society, |c 2001, c2001 | |
| 300 | |a XIV, 289 p. | ||
| 336 | |a texto |b txt |2 rdacontenido | ||
| 337 | |a sin mediación |b n |2 rdamedio | ||
| 338 | |a volumen |b nc |2 rdasoporte | ||
| 440 | 1 | |a (ACS Symposium Series ; |v 794) | |
| 649 | |a XX | ||
| 650 | |a Sabor - |x Congresos | ||
| 650 | |a Olores - |x Medición - |x Congresos | ||
| 650 | |a Esencias | ||
| 650 | |a Olfato - |x Medición | ||
| 650 | |a Cromatografía de Gases | ||
| 650 | |a Análisis Cromatográfico | ||
| 650 | |a Química Analítica | ||
| 650 | |a Alimentos y Bebidas - |x Evaluación Sensorial | ||
| 650 | |a Química de Alimentos | ||
| 650 | |a Tecnología de Alimentos | ||
| 710 | |a American Chemical Society. |b División of Agricultural and Food Chemistry | ||
| 700 | |a Takeoka, Gary R. |e (edición) | ||
| 700 | |a Güntert, Matthias |e (edición) | ||
| 700 | |a Engel, Karl-Heinz |e (edición) | ||
| 910 | |a Fondo General | ||
| 920 | |a Impresos - Libros | ||
| 930 | |a Colección General | ||
| 905 | |a 101 | ||
| 901 | |a 0500126102 |b IT1 |c ACC |u 20250521 | ||
| 902 | |a https://opac.biblio.iteso.mx/vufind/Record/000184741 | ||